JĘZYK ANGIELSKI - Statystyki

Ogólne statystyki
  • Ten quiz został rozwiązany 55 razy
  • Średni wynik to 9 z 11
Statystyki odpowiedzi
Hint Odpowiedź % Poprawnych
Herbata Tea
98%
Serce Heart
96%
Szczęśliwy Happy
94%
Głowa Head
94%
Głodny Hungry
94%
Grać Play
94%
Drzwi Door
92%
Spodnie Pants/Trousers
71%
Poduszka Pillow
60%
Rower Bicycle
56%
Dworzec kolejowy Railway station
17%
Nie znaleziono quizów pasujących do podanych kryteriów
Rozkład punktacji
Procent ludzi z każdym wynikiem
Percentyl według liczby udzielonych odpowiedzi
Twoja historia wyników
Nie rozwiązałeś tego quizu